000 00502nam a2200193Ia 4500
005 20250508151456.0
008 008 250505s9999 xx 000 0 eng d
020 _a0-435-92870-8
037 _aTextual
040 _aFEDL
_beng
_cFEDL
041 _aeng
_2eng
084 _a821.78, BLU
_qFEDL
100 _aBlunden Edmund
245 0 _aJohn keats
260 _aLondon, UK
_bThe British Council
_c1950
300 _a37p.
942 _cTEXL
_h821.78, BLU
999 _c1330048
_d1330048